000
00314nam a22001217a 4500
050
_a
QD241
_b
.E54
100
_a
P.B.D. de la Mare
245
_a
lectrophilic additions to unsaturated systems,
260
_a
Amsterdam, New York
_b
Elsevier Pub. Co.
_c
1966.
300
_a
x, 284 p
700
_a
R. Bolton.
942
_c
GEN
999
_c
2264
_d
2264